Sanat - "Avaja porttis, ovesi" - Statistics

Yleistilastot
  • Tätä visaa on pelattu 9 kertaa
  • Keskiarvotulos 64 / 149
Vastaustilastot
Vastaus % Oikein
Avaja
100%
herra
100%
Herra
100%
Herraas
100%
käy
100%
Käy
100%
kun
100%
nöyrästi
100%
ovesi
100%
porttis
100%
taivaan
100%
vastaan
100%
itse
80%
kuningas
80%
on
80%
saapuu
80%
hän
60%
Jeesuksen
60%
Jeesus
60%
luokse
60%
nyt
60%
olla
60%
sun
60%
Suo
60%
suo
60%
tahtoo
60%
vierahas
60%
avun
40%
hälle
40%
ilovirtes
40%
ja
40%
jo
40%
kaikua
40%
kiitos
40%
olkoon
40%
riemu
40%
siitä
40%
syntisen
40%
taivaassa
40%
tuo
40%
aamen
20%
aina
20%
anna
20%
armon
20%
Autuas
20%
Herraksi
20%
Hyvyyden
20%
itsesi
20%
kansa
20%
kaupunki
20%
kohta
20%
kruununsa
20%
laupeus
20%
myötään
20%
neuvoillansa
20%
niin
20%
rakkahin
20%
rakkaus
20%
rauha
20%
saapuukin
20%
se
20%
siellä
20%
sulle
20%
taivaaseen
20%
toivo
20%
tuimat
20%
tullessansa
20%
tuskat
20%
uskallus
20%
uusi
20%
valtikkansa
20%
vanhurskaus
20%
armolla
0%
armollaan
0%
asu
0%
johdata
0%
kaiken
0%
kruunaa
0%
lamppus
0%
luokseni
0%
luonasi
0%
majasi
0%
meidät
0%
minussa
0%
minut
0%
odota
0%
palava
0%
riemuita
0%
riemusaatossaan
0%
sammuttaa
0%
sinut
0%
sydämeeni
0%
täytä
0%
tee
0%
vaivoista
0%
valmista
0%
valvo
0%
vapahtaa
0%
Ehtoja vastaavia visoja ei löytynyt
Tulosjakauma
Jokaisen tuloksen saaneiden osuus
Persentiili vastausten määrän mukaan
Tuloshistoriasi
Et ole pelannut tätä visaa